| 000 | 00739nam a2200229Ia 4500 | ||
|---|---|---|---|
| 003 | GCL | ||
| 008 | 140319s9999 xx 000 0 ara d | ||
| 020 | _a?106133977 | ||
| 040 |
_aGCL / _cGCL |
||
| 082 | 0 | 4 |
_a260 _bا م |
| 100 | 1 | _aابوالوفا الغنيمى التفتازانى | |
| 245 | 1 | 0 |
_aمدخل الى التصوف الاسلامى / _cابوالوفا الغنيمى التفتازانى |
| 260 |
_aالقاهرة : _bدار الثقافة العربية |
||
| 300 |
_a286 ص ؛ _c24 سم |
||
| 490 | _a | ||
| 650 | 0 | 4 | _aالاسلام |
| 650 | 0 | 4 | _aالتصوف الاسلامى |
| 650 | 0 | 4 | _aالاخلاق الاسلامية |
| 650 | 0 | 4 | _aمدارس |
| 650 | 0 | 4 | _aالطرق الصوفية |
| 942 |
_2ddc _cBK |
||
| 999 |
_c31814 _d31814 |
||